00344pab a2200109 454500008003600000100001700036245007900053362002700132650002700159650001700186773003100203180718b xxu||||| |||| 00| 0 eng d aAdams Guy B. aOrganizational metapatterns: tacit relationships in organizational culture a25(2) Aug 93, p.139-59 a Organisational Change aOrganisation aAdministration and Society